00590nam a22001937a 450000500170000001000130001702000220003003500130005203700160006508200170008110000250009824500720012326000420019527000430023730000240028050000520030465000210035665000190037720170124110137.0 aA-591614 c00.00a8170994586 aA-591614 bCen Lib/Ret a658.54bSHA  aShashtri, Siddharth  aFinancing of state five year plans in India /cby Siddharth Shastri aNew DelhibMittal publications c1992 bNew DelhiaA-110, Mohan gardene110059 axiv,421p.c21cm(Hb) aIncludes bibliographical references and index  aEconomic policy  aFive year plan